Success in english literature : (Record no. 2284)
[ view plain ]
| 000 -LEADER | |
|---|---|
| fixed length control field | 00685nam a22002537a 4500 |
| 003 - CONTROL NUMBER IDENTIFIER | |
| control field | OSt |
| 005 - DATE AND TIME OF LATEST TRANSACTION | |
| control field | 20151029094955.0 |
| 008 - FIXED-LENGTH DATA ELEMENTS--GENERAL INFORMATION | |
| fixed length control field | 130308t xxu||||| |||| 00| 0 eng d |
| 020 ## - INTERNATIONAL STANDARD BOOK NUMBER | |
| International Standard Book Number | 9780198314806 |
| 050 ## - LIBRARY OF CONGRESS CALL NUMBER | |
| Classification number | PR 83 |
| Item number | .C941 2000 |
| 082 ## - DEWEY DECIMAL CLASSIFICATION NUMBER | |
| Classification number | IB 820.7 |
| Item number | C87 2000 |
| 100 ## - MAIN ENTRY--PERSONAL NAME | |
| Personal name | Croft, Steven |
| 245 ## - TITLE STATEMENT | |
| Title | Success in english literature : |
| Remainder of title | a practical guide to working with unseen texts at A Level |
| Statement of responsibility, etc | Steven Croft, |
| 260 ## - PUBLICATION, DISTRIBUTION, ETC. (IMPRINT) | |
| Place of publication, distribution, etc | Oxford : |
| Name of publisher, distributor, etc | Oxford University Press, |
| Date of publication, distribution, etc | 2000 . |
| 300 ## - PHYSICAL DESCRIPTION | |
| Extent | 152p |
| Dimensions | 24.5 cm. |
| 521 ## - TARGET AUDIENCE NOTE | |
| Target audience note | Grade 12 |
| 526 ## - STUDY PROGRAM INFORMATION NOTE | |
| Reading level | 1070L-1220L |
| 562 ## - COPY AND VERSION IDENTIFICATION NOTE | |
| Number of copies | 4 |
| 942 ## - ADDED ENTRY ELEMENTS (KOHA) | |
| Source of classification or shelving scheme | Library of Congress Classification |
| Koha item type | Books |
| Withdrawn status | Lost status | Source of classification or shelving scheme | Damaged status | Home library | Current library | Shelving location | Date acquired | Source of acquisition | Total Checkouts | Full call number | Barcode | Date last seen | Copy number | Price effective from | Koha item type | Total Renewals | Date checked out |
|---|---|---|---|---|---|---|---|---|---|---|---|---|---|---|---|---|---|
| Library of Congress Classification | Luxembourg Library | Luxembourg Library | Teachers Reference Section | 03/08/2013 | Donation | PR 83 .C491 2000 | 17461 | 08/13/2013 | 1 | 03/08/2013 | Books | ||||||
| Library of Congress Classification | Luxembourg Library | Luxembourg Library | International Baccalaureate Section | 06/24/2013 | PR 83 .C491 2000 | 17462 | 08/13/2013 | 2 | 06/24/2013 | Books | |||||||
| Library of Congress Classification | Luxembourg Library | Luxembourg Library | International Baccalaureate Section | 06/24/2013 | 1 | PR 83 .C491 2000 | 17463 | 05/30/2018 | 3 | 06/24/2013 | Books | 1 | 05/03/2018 | ||||
| Library of Congress Classification | Luxembourg Library | Luxembourg Library | International Baccalaureate Section | 06/24/2013 | PR 83 .C491 2000 | 16050 | 08/13/2013 | 4 | 06/24/2013 | Books |